Statistics for Most Visited Theme Parks in Europe

Click here to take the quiz!

General Stats

  • This quiz has been taken 17 times
  • The average score is 10 of 20

Answer Stats

LocationAttendance (millions)Answer% Correct
Marne-la-Vallée, France9.93Disneyland Park
93%
Marne-la-Vallée, France5.34Walt Disney Studios Park
93%
Rust, Germany6.0Europa-Park
86%
Alton, United Kingdom2.3Alton Towers
64%
Castelnuovo del Garda, Italy2.95Gardaland
64%
Salou, Spain3.75PortAventura Park
64%
Copenhagen, Denmark3.86Tivoli Gardens
64%
Kaatsheuvel, Netherlands5.43Efteling
57%
Plailly, France2.63Parc Astérix
57%
Madrid, Spain1.86Parque Warner
57%
Chertsey, United Kingdom1.6Thorpe Park
57%
Brühl, Germany2.1Phantasialand
50%
Gothenburg, Sweden2.5Liseberg
43%
Soltau, Germany1.6Heide Park
36%
Chessington, United Kingdom1.5Chessington World of Adventures
29%
Jaunay-Clan, France1.92Futuroscope
29%
Les Epesses, France2.34Puy du Fou
29%
Windsor, United Kingdom2.4Legoland Windsor
21%
Billund, Denmark2.24Legoland Billund
7%
Günzburg, Germany1.7Legoland Deutschland
7%

Score Distribution

Percentile by Number Answered

Percent of People with Each Score

Your Score History

You have not taken this quiz